000 00744nam a22002057a 4500
005 20180804105805.0
010 _aB-163701
020 _a8125916639
_c185.00
035 _aB-163701, B-163695
037 _bVikas Publishing House Pvt. Ltd.
082 _a658.662
100 _aMandal, S.K.
245 _aTotal quality management:
_bprinciples & practice
_cS.K.Mandal,
260 _aNew Delhi
_bVikas Publishing House Pvt. Ltd
_c2007
270 _a576, Masjid Road, Jangpura, New Delhi-110014
_bNew Delhi
_e110014
300 _a412p.
_c22cm(pb)
500 _aIndex
942 _2ddc
_cEN
_h658.662
_mMAN
999 _c153124
_d153124